U.S. Cities that Have Lost 100,000 People - Statistics

General Stats
  • This quiz has been taken 31,082 times
    3,320 since last reset
  • The average score is 16 of 24
Answer Stats
Loss % Peak Answer % Correct
1,200,473 65% 1950 Detroit
96%
220,965 3% 2000 New York City
95%
889,377 25% 1950 Chicago
91%
128,471 16% 1950 Boston
87%
110,487 3% 2019 Los Angeles
87%
497,324 24% 1950 Philadelphia
87%
551,200 60% 1950 Cleveland
85%
369,174 55% 1950 Pittsburgh
83%
189,631 38% 1950 Cincinnati
81%
578,652 68% 1950 St. Louis
79%
379,711 40% 1950 Baltimore
78%
108,533 14% 1950 Washington D.C.
75%
305,519 53% 1950 Buffalo
74%
178,917 24% 1960 Milwaukee
73%
265,371 42% 1960 New Orleans
67%
114,968 26% 1950 Newark
54%
126,380 38% 1950 Rochester
52%
120,395 31% 1970 Toledo
52%
100,660 35% 1960 Akron
51%
111,031 62% 1960 Gary
43%
125,644 48% 1960 Dayton
42%
117,634 60% 1960 Flint
38%
143,977 42% 1960 Birmingham
33%
111,170 65% 1930 Youngstown
24%
No matching quizzes found
Score Distribution
Percent of People with Each Score
Percentile by Number Answered
Your Score History
You have not taken this quiz since the last reset